NHL Win Songs - Statistics

General Stats
  • This quiz has been taken 6 times
  • The average score is 12 of 36
Answer Stats
Team Artist Song % Correct
Calgary Flames Johnny Cash Ring of Fire
100%
New Jersey Devils Blur Song 2
100%
Ottawa Senators Blur Song 2
100%
Tampa Bay Lightning AC/DC Thunderstruck
100%
Vegas Golden Knights Elvis Presley Viva Las Vegas
80%
Carolina Hurricanes DJ Khaled All I Do Is Win
60%
Detroit Red Wings DJ Khaled All I Do Is Win
60%
Edmonton Oilers Los Lobos La Bamba
60%
San Jose Sharks KISS Rock And Roll All Nite
60%
Nashville Predators DJ Khaled All I Do Is Win
40%
Chicago Blackhawks The Fratellis Chelsea Dagger
40%
Detroit Red Wings Journey Don't Stop Believin'
40%
Minnesota Wild Prince & The Revolution Let's Go Crazy
40%
Anaheim Ducks Jimmy Eat World Sweetness
40%
Washington Capitals Chuck Brown & The Soul Searchers Bustin' Loose
20%
Boston Bruins The Standells Dirty Water
20%
Florida Panthers Pitbull Don't Stop The Party
20%
Winnipeg Jets The Phantoms Gonna Celebrate
20%
New Jersey Devils Naught By Nature Hip Hop Hooray
20%
Arizona Coyotes The Black Keys Howlin' For You
20%
St. Louis Blues Wilson Pickett Land of 1000 Dances
20%
Montreal Canadiens Loco Locass Le But
20%
Pittsburgh Penguins Mac Miller Party on Fifth Ave.
20%
Dallas Stars Stevie Ray Vaughan The House is Rockin'
20%
Philadelphia Flyers The Boils The Orange And The Black
20%
Los Angeles Kings The Briggs This is LA
20%
Seattle Kraken Foo Fighters Times Like These
20%
Nashville Predators Montgomery Gentry All Night Long
0%
Tampa Bay Lightning AC/DC For Those About to Rock (We Salute You)
0%
Buffalo Sabres Rick James Give It To Me Baby
0%
Vancouver Canucks Elton John I'm Still Standing
0%
Colorado Avalanche Olivier Renoir and SACEM Loud & Proud
0%
Columbus Blue Jackets Aqualords Moon Revolution
0%
New York Islanders Maxine Nightingale Right Back Where We Started From
0%
Toronto Maple Leafs Maxine Nightingale Right Back Where We Started From
0%
New York Rangers Martin Garrix We Are The People
0%
No matching quizzes found
Score Distribution
Percent of People with Each Score
Percentile by Number Answered
Your Score History
You have not taken this quiz